लोड हो रहा है...

Vasantham viriyunna veedakam

ग्रंथसूची विवरण
मुख्य लेखक: Almuthwacha, Jasim
स्वरूप: Printed Book
प्रकाशित: Islamic publications house, Kozhikode,TVM 2016
विषय:
LEADER 00419nam a2200157 4500
082
100 |a Almuthwacha, Jasim 
245 |a Vasantham viriyunna veedakam  |c Almuthwacha, Jasim 
250
260 |a Islamic publications house, Kozhikode,TVM  |c 2016 
300
490
650 |a Malayalam essays 
942 |c BK 
999 |c 192557  |d 192557 
952 |0 0  |1 0  |4 0  |7 0  |9 205906  |a ISL  |b ISL  |l 0  |p ISL06167  |r 2019-10-28  |w 2019-10-28  |y BK